Muḥammad / (Record no. 20965)

MARC details
000 -LEADER
fixed length control field 01076cam a2200325 i 4500
001 - CONTROL NUMBER
control field 392087
003 - CONTROL NUMBER IDENTIFIER
control field BDDh-ASL
005 - DATE AND TIME OF LATEST TRANSACTION
control field 20231015025943.0
008 - FIXED-LENGTH DATA ELEMENTS--GENERAL INFORMATION
fixed length control field 790702r19801971nyua b 001 0beng
010 ## - LIBRARY OF CONGRESS CONTROL NUMBER
LC control number 79017158
020 ## - INTERNATIONAL STANDARD BOOK NUMBER
International Standard Book Number 0394509080 :
Terms of availability $15.95
020 ## - INTERNATIONAL STANDARD BOOK NUMBER
International Standard Book Number 0394738225 (pbk.) :
Terms of availability $4.95
040 ## - CATALOGING SOURCE
Original cataloging agency DLC
Transcribing agency DLC
Modifying agency DLC
-- OCoLC
-- DLC
-- BDDh-ASL
041 1# - LANGUAGE CODE
Language code of text/sound track or separate title eng
Language code of original fre
043 ## - GEOGRAPHIC AREA CODE
Geographic area code a-su---
050 00 - LIBRARY OF CONGRESS CALL NUMBER
Classification number BP75.13
Item number .R613 1980
082 00 - DEWEY DECIMAL CLASSIFICATION NUMBER
Classification number 297.63
Item number ROM
100 1# - MAIN ENTRY--PERSONAL NAME
Personal name Rodinson, Maxime.
240 10 - UNIFORM TITLE
Uniform title Mahomet.
Language of a work English
245 10 - TITLE STATEMENT
Title Muḥammad /
Statement of responsibility, etc. Maxime Rodinson ; translated from the French by Anne Carter ; [new introd. and foreword by the author].
260 ## - PUBLICATION, DISTRIBUTION, ETC.
Place of publication, distribution, etc. New York :
Name of publisher, distributor, etc. Pantheon Books,
Date of publication, distribution, etc. c1980.
300 ## - PHYSICAL DESCRIPTION
Extent li, 362 p. :
Other physical details ill. ;
Dimensions 21 cm.
500 ## - GENERAL NOTE
General note Translation of Mahomet.
500 ## - GENERAL NOTE
General note Reprint of the 1971 ed. published by Pantheon Books, New York.
500 ## - GENERAL NOTE
General note Includes index.
504 ## - BIBLIOGRAPHY, ETC. NOTE
Bibliography, etc. note Bibliography: p. 345.
600 00 - SUBJECT ADDED ENTRY--PERSONAL NAME
Personal name Muḥammad,
Titles and other words associated with a name Prophet,
Dates associated with a name -632
Form subdivision Biography.
906 ## - LOCAL DATA ELEMENT F, LDF (RLIN)
a 7
b cbc
c orignew
d 1
e ocip
f 19
g y-gencatlg
942 ## - ADDED ENTRY ELEMENTS (KOHA)
Source of classification or shelving scheme Dewey Decimal Classification
Koha item type Books
Holdings
Withdrawn status Lost status Source of classification or shelving scheme Damaged status Not for loan Collection code Home library Current library Shelving location Date acquired Source of acquisition Total Checkouts Full call number Barcode Date last seen Copy number Price effective from Koha item type Public note
    Dewey Decimal Classification   Not For Loan Non-fiction Asiatic Society Library Asiatic Society Library Ludden Collection 01/17/2021 Donated by Prof. David Ludden   297.63 ROM 104477 01/17/2021 C-1 01/17/2021 Books RARE

Powered by Koha